Podmienky vyslania a pracovné podmienky pri vyslaní
Vyslanie pracovníka z územia SR na územie iného štátu EÚ/EHP. Otázky spojené s pracovnými podmienkami. Vyslanie z územia EÚ/EHP do Slovenskej republiky. Kedy je potrebné aplikovať právne predpisy iného štátu a kedy právne predpisy SR. Tvrdé jadrá pracovných podmienok vo vybraných štátoch EÚ. Prehľad...
Gespeichert in:
| 1. Verfasser: | |
|---|---|
| Format: | Buchkapitel |
| Sprache: | Slowakisch |
| Schlagworte: | |
| Tags: |
Keine Tags, Fügen Sie das erste Tag hinzu!
|
MARC
| LEADER | 00000naa a2200000 4500 | ||
|---|---|---|---|
| 001 | 0234153 | ||
| 005 | 20221104112022.3 | ||
| 041 | 0 | |a slo | |
| 044 | |a SK | ||
| 245 | 1 | 0 | |a Podmienky vyslania a pracovné podmienky pri vyslaní |c Jozef Toman |
| 520 | |a Vyslanie pracovníka z územia SR na územie iného štátu EÚ/EHP. Otázky spojené s pracovnými podmienkami. Vyslanie z územia EÚ/EHP do Slovenskej republiky. Kedy je potrebné aplikovať právne predpisy iného štátu a kedy právne predpisy SR. Tvrdé jadrá pracovných podmienok vo vybraných štátoch EÚ. Prehľad minimálnych miezd vo vybraných štátoch EÚ. Príklady z praxe. | ||
| 610 | 2 | 0 | |a práca v zahraničí |
| 610 | 2 | 0 | |a podmienky pracovné |
| 610 | 2 | 0 | |a mzdy minimálne |
| 610 | 2 | 0 | |a smernice |
| 610 | 2 | 0 | |a predpisy právne |
| 610 | 2 | 0 | |a zákonník práce |
| 610 | 2 | 0 | |a Európska únia |
| 610 | 2 | 0 | |a Slovensko |
| 100 | 1 | |a Toman, Jozef | |